LEADER 03505nam 2200613 450 001 9910795490703321 005 20230809234802.0 010 $a3-11-053870-9 010 $a3-11-054044-4 024 7 $a10.1515/9783110540444 035 $a(CKB)4340000000210783 035 $a(MiAaPQ)EBC5116149 035 $a(DE-B1597)479750 035 $a(OCoLC)1011439777 035 $a(DE-B1597)9783110540444 035 $a(Au-PeEL)EBL5116149 035 $a(CaPaEBR)ebr11462265 035 $a(OCoLC)1009211196 035 $a(EXLCZ)994340000000210783 100 $a20171127h20172017 uy 0 101 0 $ager 135 $aurcnu|||||||| 181 $2rdacontent 182 $2rdamedia 183 $2rdacarrier 200 14$aEin atlantisches Siglo de Oro $eLiteratur und ozeanische Bewegung im fru?hen 17. Jahrhundert /$fMark Minnes 210 1$aBerlin, [Germany] ;$aBoston, [Massachusetts] :$cDe Gruyter,$d2017. 210 4$d©2017 215 $a1 online resource (316 pages) 225 1 $aMimesis : Romanische Literaturen der Welt,$x0178-7489 ;$vBand 67 311 $a3-11-053869-5 320 $aIncludes bibliographical references. 327 $tFrontmatter -- $tVorwort -- $tInhalt -- $t1. Einleitung: ein atlantisches Siglo de Oro -- $t2. Ästhetische Räume: Góngoras Soledades -- $t3. Soziale Räume: die Rückkehr Don Juans -- $t4. (Un)mögliche Räume: indiano und pícaro -- $t5. Schlussbemerkung: Gegenwart des Globalen -- $tBibliographie 330 $aDie vorliegende Untersuchung beruht auf der These, dass die Iberische Halbinsel des frühen 17. Jahrhunderts in entscheidendem Maße durch ihre verbindende Lage zwischen Mittelmeer und Atlantik geprägt ist. Vor dem Hintergrund der divergierenden Forschungstendenzen von atlantischen Globalisierungstheorien (Humboldt, Chaunu, Braudel, Gruzinski) und romanistischer Literaturwissenschaft (Spitzer, Auerbach, Curtius, Gumbrecht) leistet die vorliegende Untersuchung einen Beitrag zu einer neuen, ästhetischen und literarischen Globalisierungsgeschichte (Ette). Auf der Basis eines raumsemantisch entwickelten, ästhetischen Atlantikbegriffs werden kanonische Texte des spanischen Siglo de Oro wie Góngoras "Soledades", Tirso de Molinas "Burlador de Sevilla" oder "La celosa de sí misma", aber auch Cervantes "Celoso extremeño" und diverse Pikaroromane neu gelesen. Dabei entsteht nicht nur eine philologische Phänomenologie der ersten modernen Phase der Globalisierung. Die Verbindung von philologischen und kulturwissenschaftlichen Paradigmen (Barthes, de Certeau, Ortega, Gabilondo, Gilroy) erweist sich auch als höchst produktiv. Das spanische Siglo de Oro gewinnt so eine neue ethische, ästhetische und theoretische Aktualität. 410 0$aMimesis ;$vBand 67. 606 $aSpanish literature$yClassical period, 1500-1700$xHistory and criticism 607 $aAmerica$xDiscovery and exploration$xSpanish 610 $aCultural studies. 610 $aGlobalization. 610 $aLiterary aesthetic of globalization. 610 $aPhilology. 610 $aSemantics of space. 610 $aSpanish Atlantic history. 615 0$aSpanish literature$xHistory and criticism. 676 $a860.9003 686 $aLIT004280$aHIS000000$aLIT004130$aLIT006000$2bisacsh 700 $aMinnes$b Mark$01578265 801 0$bMiAaPQ 801 1$bMiAaPQ 801 2$bMiAaPQ 906 $aBOOK 912 $a9910795490703321 996 $aEin atlantisches Siglo de Oro$93857531 997 $aUNINA LEADER 04245nam 22008654a 450 001 9910783766003321 005 20230617042017.0 010 $a0-8147-9035-6 010 $a1-4294-1392-1 024 7 $a10.18574/9780814790359 035 $a(CKB)1000000000245287 035 $a(OCoLC)76898856 035 $a(CaPaEBR)ebrary10137166 035 $a(SSID)ssj0000163429 035 $a(PQKBManifestationID)11170088 035 $a(PQKBTitleCode)TC0000163429 035 $a(PQKBWorkID)10116459 035 $a(PQKB)11737997 035 $a(MiAaPQ)EBC2081634 035 $a(DE-B1597)547168 035 $a(DE-B1597)9780814790359 035 $a(MdBmJHUP)muse86791 035 $a(Au-PeEL)EBL2081634 035 $a(CaPaEBR)ebr10137166 035 $a(MiAaPQ)EBC3025579 035 $a(Au-PeEL)EBL3025579 035 $a(OCoLC)928197480 035 $a(EXLCZ)991000000000245287 100 $a20040621d2005 uy 0 101 0 $aeng 135 $aurcn||||||||| 181 $ctxt 182 $cc 183 $acr 200 10$aGlobal justice reform$b[electronic resource] $ea comparative methodology /$fHiram E. Chodosh 210 $aNew York $cNew York University Press$dc2005 215 $a1 online resource (240 p.) 300 $aBibliographic Level Mode of Issuance: Monograph 311 $a0-8147-1635-0 320 $aIncludes bibliographical references (p. 199-220) and index. 327 $aIntroduction -- The comparative method : which method? -- Comparing comparisons -- The most neglected branch -- Between rocks and hard places -- Emergence from the dilemmas -- Conclusion : the prospects for a comparative methodology in global justice reform. 330 $aGlobal Justice Reform critiques and rethinks two neglected subjects: the nature of comparison in the field of comparative law and the struggles of national judicial systems to meet global rule of law objectives. Hiram Chodosh offers a candid look at the surprisingly underdeveloped methodology of comparative legal studies, and provides a creative conceptual framework for defining and understanding the whys, whats, and hows of comparison. Additionally, Chodosh demonstrates how theories of comparative law translate into practice, using contemporary global justice reform initiatives as a case study, with a particular focus on Indonesia and India. Chodosh highlights the gap between the critical role of judicial institutions and their poor performance (for example, political interference, corruption, backlog, and delay), discussing why reform is so elusive, and demonstrating the unavoidable and essential role of comparison in reform proposals.Throughout the book, Chodosh identifies several sources of comparative misunderstanding that impede successful reforms and identifies the many predicaments reformers face, detailing a wide variety of designs, methods, and social dilemmas. In response to these seemingly insurmountable challenges, Chodosh advances some novel conceptual strategies, first by drawing on a body of non-legal scholarship on self-regulating, emergent systems, and then by identifying a series of anti-dilemma strategies that draw upon insights about the nature of comparison. 606 $aJustice, Administration of$vCross-cultural studies 606 $aJudicial power$vCross-cultural studies 606 $aJustice, Administration of$xPolitical aspects$vCross-cultural studies 610 $aJustice. 610 $aReform. 610 $acomparative. 610 $acomparison. 610 $acritiques. 610 $afield. 610 $aglobal. 610 $ajudicial. 610 $ameet. 610 $anational. 610 $anature. 610 $aneglected. 610 $aobjectives. 610 $arethinks. 610 $arule. 610 $astruggles. 610 $asubjects. 610 $asystems. 615 0$aJustice, Administration of 615 0$aJudicial power 615 0$aJustice, Administration of$xPolitical aspects 676 $a340.2 700 $aChodosh$b Hiram$0592416 801 0$bMiAaPQ 801 1$bMiAaPQ 801 2$bMiAaPQ 906 $aBOOK 912 $a9910783766003321 996 $aGlobal justice reform$91001580 997 $aUNINA